|
|
|
|
| LEADER |
00000nab a2200000 ar4500 |
| 001 |
vtls008943901 |
| 003 |
SK-MaSNL |
| 005 |
20260303210810.0 |
| 008 |
070208c2006 xo |||||||||||000 b|slo |
| 015 |
|
|
|a SNBRB2007/02
|2 snkbucl
|
| 038 |
|
|
|a SNKBUCL
|
| 040 |
|
|
|a SNKBUCL
|b slo
|c SNKBUCL
|e AACR2
|
| 041 |
0 |
|
|a slo
|
| 044 |
|
|
|a xo
|c SK
|
| 080 |
|
|
|a 599.322/.324
|2 1997
|
| 080 |
|
|
|a 636.96:599.322/.324
|2 1997
|
| 100 |
1 |
|
|a Lupták, Peter,
|d 1970-
|4 aut
|9 155906
|
| 245 |
1 |
0 |
|a Pieskomil hrubochvostý
|c Peter Lupták
|
| 300 |
|
|
|b Fotogr.
|
| 650 |
0 |
7 |
|a pieskomil hrubochvostý
|2 snkbucl
|9 98259
|
| 773 |
0 |
|
|t Magazín chovateľa
|g Roč. V, č. 11 (2006), s. 40-41
|x 1335-9932
|
| 852 |
|
|
|a SNK
|b KIS3GCP
|
| 999 |
|
|
|c 2201795
|d 2203725
|